Základy občianskeho procesného práva

Saved in:
Bibliographic Details
Main Author: Mazák, Ján
Format: Book
Language:Slovak
Published: Bratislava IURA EDITION 2007
Edition:3. podstatne preprac. a dopln. vyd.
Series:Vysokoškolské učebnice
Subjects:
Tags: Add Tag
No Tags, Be the first to tag this record!

MARC

LEADER 00000nam$a2200000$$$4500
001 0066636
005 20240226123130.4
020 |a 978-80-8078-145-3 
041 0 |a slo 
044 |a SK 
245 1 0 |a Základy občianskeho procesného práva  |c Ján Mazák a kolektív 
250 |a 3. podstatne preprac. a dopln. vyd. 
264 1 |a Bratislava  |b IURA EDITION  |c 2007 
300 |a 809 s. 
490 1 |a Vysokoškolské učebnice 
830 0 |a Vysokoškolské učebnice 
610 2 0 |a právo občianske 
610 2 0 |a zákony 
610 2 0 |a legislatíva 
610 2 0 |a konanie súdne občianske 
610 2 0 |a súdy 
610 2 0 |a súdnictvo 
610 2 0 |a prostriedky opravné 
610 2 0 |a rozhodovanie 
610 2 0 |a exekúcia 
610 2 0 |a poriadok súdny občiansky 
610 2 0 |a reštrukturalizácia 
610 2 0 |a oddlženie 
610 2 0 |a konkurzy 
610 2 0 |a konanie rozhodcovské 
610 2 0 |a Slovensko 
100 1 |a Mazák, Ján